| 000 | 01473nam a2200229Ia 4500 | ||
|---|---|---|---|
| 003 | Ost | ||
| 005 | 20260507075251.0 | ||
| 008 | 260507s9999||||xx |||||||||||||| ||und|| | ||
| 020 | _a13715299619 | ||
| 040 | _cfsecg | ||
| 041 | _aara | ||
| 082 | _a330 | ||
| 100 |
_aقانة، الطاهر _eمؤلف |
||
| 245 | 0 |
_aإقتصاديات صرف النقود و العملات / _c الطاهر قانة |
|
| 260 |
_aالجزائر: _bدار الخلدونية, _c2009 |
||
| 300 |
_a96 صفحة؛ _bإيضاحات ؛ _c24 سم |
||
| 504 | _aمراجع ص.89 (إقتناءات 2014 3ن) | ||
| 520 | _aمفاهيم أساسية لسعر الصرف و تحديده ، أعضاء سوق الصرف و العمليات فيه ا، سعر الصرف هدف خاص للسياسة النقدية ، تدخل البنك المركزي في سوق الصرف ، سياسة التعويم و أسباب عدم الاستقرار ، تكاليف عدم الاستقرارا ، مفهوم الصرف و مشروعيته في الاقتصاد الاسلامي ، أركان عقد الصرف و شروطه في الاقتصاد الاسلامي ، احكام عقد الصرف في الاقتصاد الاسلامي ، الصرف كما تجربه المصارف الاسلامية ، متطلبات تطبيق الاقتصاد الاسلامي . | ||
| 653 | _aأسعار صرف العملات الأجنبية | ||
| 653 | _aالإقتصاد الاسلامي | ||
| 942 | _cكتاب | ||
| 999 |
_c43689 _d43689 |
||